| 000 | 00478nmm a2200157Ia 4500 | ||
|---|---|---|---|
| 008 | 251105s9999||||xx |||||||||||||||||und|| | ||
| 041 | _aspa | ||
| 100 | _aBenavides, Ana Cristina | ||
| 245 | 0 | _aLa soledad de Macondo o la salvación de la memoria | |
| 264 |
_a[Bogotá, Colombia] : _bSiglo del hombre, _c2014 |
||
| 300 | _a286 páginas | ||
| 490 | _aEspacios | ||
| 650 | _aLatin American literature | ||
| 856 | _uhttps://public.digitaliapublishing.com/a/52091 | ||
| 942 | _cCF | ||
| 999 |
_c99295 _d99295 |
||